000 01514cam a22004454a 4500
001 muse85005
003 MdBmJHUP
005 20210127151641.0
006 m o d
007 cr||||||||nn|n
008 970924s1997 mx o 00 0 spa d
010 _z 97199292
020 _a9786076286388
020 _z9681207211
020 _z9789681207212
035 _a(OCoLC)1055633848
040 _aMdBmJHUP
_cMdBmJHUP
050 0 4 _aP158
_b.B59 1997
082 0 _a415
_221
100 1 _aBogard, Sergio.
245 0 0 _aEstudios de lingüística formal
_ceditado por Marianna Pool Westgaard, con la colaboración de Sergio Bogard.
250 _a1. ed.
264 1 _bColegio de Mexico, Centro de Estudios Lingüísticos y Literarios,
264 3 _bProject MUSE,
300 _a1 online resource (256 p.) :
_bill. ;
504 _aIncludes bibliographical references.
506 0 _aOpen Access
_fUnrestricted online access
_2star
588 _aDescription based on print version record.
650 0 _aGenerative grammar.
655 7 _aElectronic books.
_2local
700 1 _aBogard, Sergio.
700 1 _aPool Westgaard, Marianna.
710 2 _aProject Muse.
_edistributor
830 0 _aBook collections on Project MUSE.
856 4 0 _zFull text available:
_uhttps://muse.jhu.edu/book/74730/
999 _c26535
_d26535